000
00419nam a2200181Ia 4500
008
090123s9999 xx 000 0 und d
082
_b
3720
100
_a
त्रिवेणी
245
_a
अपजय
250
_a
4
260
_c
1974
300
_a
225
600
_a
त्रिवेणी
630
_a
अपजय
700
_a
त्रिवेणी
730
_a
अपजय
942
_c
BOOK
999
_c
41799
_d
41799